| 000 | 00507nam a2200205Ia 4500 | ||
|---|---|---|---|
| 003 | OSt | ||
| 005 | 20240712111536.0 | ||
| 008 | 210210b2001 xxu||||| |||| 00| 0 eng d | ||
| 020 | _a9780007381937 | ||
| 040 | _cAL | ||
| 041 | _aEnglish | ||
| 082 | _a813.54 SHEM | ||
| 100 |
_aSHELDON (Sidney). _9173250 |
||
| 245 | _aMemories of midnight. | ||
| 260 |
_aLondon _bHarper Collins Publishers _c2001 |
||
| 300 | _a320 | ||
| 690 |
_aAmerican English Fiction _9173251 |
||
| 906 | _a059143 | ||
| 942 |
_2ddc _cBK |
||
| 999 |
_c106432 _d106432 |
||